000 02290nam a22003377a 4500
999 _c31366
_d31363
003 OSt
005 20190131133928.0
008 190131b ||||| |||| 00| 0 eng d
020 _a9780838915530 (pbk. : alk. paper)
040 _aMMU
_beng
_cMMU
_eMMU
042 _apcc
043 _an-us---
050 0 0 _aZ679
_b.S33 2017
082 0 0 _a727/.8
_223
100 1 _aSchlipf, Frederick A.,
_eauthor.
245 1 4 _aThe practical handbook of library architecture :
_bcreating building spaces that work /
_cFrederick A. Schlipf, John Moorman.
264 1 _aChicago :
_bALA Editions, an imprint of the American Library Association,
_c2018.
300 _axxxii, 1003 pages :
_billustrations ;
_c26 cm
336 _atext
_btxt
_2rdacontent
337 _aunmediated
_bn
_2rdamedia
338 _avolume
_bnc
_2rdacarrier
504 _aIncludes index.
505 0 _aPart I. Introduction -- Introduction -- Two hundred [plus?] snappy rules for good and evil in library architecture -- Part II. About library buildings -- The library construction process -- Basic configuration of library spaces -- Evaluating library buildings by walking around -- Dysfunctional designs -- Converting non-library spaces to public libraries -- Part III. Basic steps -- Programming -- Design -- Site selection -- Zoning, covenants, and codes -- Construction -- Remodeling and expanding library buildings -- Part IV.Money -- Building costs -- Funding -- Part V. Library spaces -- User seating -- Collection storage -- Public service desks -- Program and study rooms -- Display and exhibit areas -- Restrooms -- Staff workrooms -- Staff facilities -- Storerooms -- Part VI. Technical issues -- Lighting -- Elevators, staircases, railings, and ramps -- Electrical systems -- Mechanical systems -- Plumbing systems -- Security -- Walls, floors, and ceilings -- Appendix: vocabulary.
650 0 _aLibrary architecture
_vHandbooks, manuals, etc.
650 0 _aLibrary buildings
_xDesign and construction
_vHandbooks, manuals, etc.
650 0 _aLibrary fittings and supplies
_vHandbooks, manuals, etc.
650 0 _aLibrary architecture
_zUnited States
_vHandbooks, manuals, etc.
650 0 _aLibrary buildings
_zUnited States
_vHandbooks, manuals, etc.
700 1 _aMoorman, John A.,
_eauthor.
942 _2lcc
_cLOAN LOAN